| 000 | 00861nam1a2200241 i 4500 | ||
|---|---|---|---|
| 001 | RU\NLR\BIBL_A\012127507 | ||
| 005 | 20241212175434.0 | ||
| 035 | _a(NLR Aleph) 012127507 | ||
| 090 |
_a12027985 _c12027985 |
||
| 100 | _a20191024d1937 c y0rusy50 ca | ||
| 101 | 0 | _a9as | |
| 102 | _aRU | ||
| 105 | _aa z 000 y | ||
| 200 | 1 |
_aElm kjәnetә _fV. A. Tetjurev |
|
| 210 |
_aМосква _cУчпедгиз _d1937 |
||
| 215 | _d22 | ||
| 541 | 1 |
_aЕстествознание _eучеб. для ... кл. начал. шк. _zrus |
|
| 606 | 1 |
_aЕстествознание _jУчебники для начальной школы _91049255 _3RU\NLR\AUTH\6687283 |
|
| 686 | 1 | _aЕ0 я71 | |
| 700 | 1 |
_aТетюрев _bВ.А. _gВладимир Алексеевич _3RU\NLR\AUTH\7952660 _4070 |
|
| 852 |
_aNLR _bОНЛ _jАссир./3-20 |
||
| 942 | _cBOOK | ||